GK Quiz #2 - Statistics

General Stats
  • This quiz has been taken 24 times
  • The average score is 4 of 10
Answer Stats
Questions Answer % Correct
How many States are in India? 28
86%
Does France share border with Suriname? Yes
86%
Does IRAQ border Turkey? Yes
86%
Where is Kremlin located Russia
50%
Who is known as Missile man of Mysore? Tipu Sultan
32%
Who ruled Algeria? France
27%
Who is Kublai Khan's Grandfather? Genghis Khan
27%
Who is Tipu Sultan's father? Hyder Ali
27%
Who did Marco Polo meet? Kublai Khan
14%
Who is the 1st Empress of India? Empress Victoria
5%
No matching quizzes found
Score Distribution
Percent of People with Each Score
Percentile by Number Answered
Your Score History
You have not taken this quiz